000 00500nam a22001817a 4500
003 CEME
005 20210628202335.0
008 210302b xxu||||| |||| 00| 0 eng d
020 _a0-8031-1406-0
040 _c.
082 _a621.11223 COR
100 _aSheldon, W Baboian, Robert
_959420
245 _aCorrosion testing and evaluation, silver anniversary volume
260 _aUSA
_bASTM
_c1990
300 _a445P
650 _aCORROSION AND ANTICORROSIVES-CONGRESSES
_959421
942 _cBK
_2ddc
999 _c569411
_d569411